<?xml version="1.0" encoding="UTF-8"?>
<record
    xmlns:xsi="http://www.w3.org/2001/XMLSchema-instance"
    xsi:schemaLocation="http://www.loc.gov/MARC21/slim http://www.loc.gov/standards/marcxml/schema/MARC21slim.xsd"
    xmlns="http://www.loc.gov/MARC21/slim">

  <leader>02983nas a2200397 i 4500</leader>
  <controlfield tag="001">173335</controlfield>
  <controlfield tag="003">ES-MaACL</controlfield>
  <controlfield tag="005">20251207124550.0</controlfield>
  <controlfield tag="007">t|</controlfield>
  <controlfield tag="008">091126c19201923sp a|         |  1 ||pa d</controlfield>
  <datafield tag="080" ind1=" " ind2=" ">
    <subfield code="a">5:061.12(460)</subfield>
  </datafield>
  <datafield tag="110" ind1="2" ind2=" ">
    <subfield code="a">Real Academia de Ciencias Exactas, F&#xED;sicas y Naturales de Espa&#xF1;a.</subfield>
    <subfield code="9">175635</subfield>
  </datafield>
  <datafield tag="245" ind1="1" ind2="0">
    <subfield code="a">Discursos le&#xED;dos ante la Real Academia de Ciencias Exactas, F&#xED;sicas y Naturales </subfield>
    <subfield code="g">1920-1923.</subfield>
  </datafield>
  <datafield tag="260" ind1=" " ind2=" ">
    <subfield code="a">Madrid : </subfield>
    <subfield code="b">[s. n.], </subfield>
    <subfield code="c">1920 (</subfield>
    <subfield code="f">Estab. Tip. de Fortanet)</subfield>
  </datafield>
  <datafield tag="300" ind1=" " ind2=" ">
    <subfield code="a">1 v. ; </subfield>
    <subfield code="c">26 cm.</subfield>
  </datafield>
  <datafield tag="505" ind1="8" ind2=" ">
    <subfield code="a">Contiene: Tomo XI: Fotogrametr&#xED;a terrestre y a&#xE9;rea / Jos&#xE9; Mar&#xED;a Torroja y Miret (69 p.). Contestaci&#xF3;n / Am&#xF3;s Salvador (p. 70-87). Magnitudes estelares / Antonio Vela Herranz (65 p.). Contestaci&#xF3;n / Luis Octavio de Toledo (p. 67-83). El problema del ultracontinuo / Julio Rey Pastor (34 p.). Contestaci&#xF3;n / Augusto Krahe (p. 35-48). Importancia y utilidad de los estudios entomol&#xF3;gicos / Ricardo Garc&#xED;a Mercet (47 p.). Contestaci&#xF3;n / Ignacio Bol&#xED;var (p. 49-70). Rasgos fundamentales de la constituci&#xF3;n e historia geol&#xF3;gica del solar ib&#xE9;rico / Eduardo Hern&#xE1;ndez y Estevan (76 p.). Contestaci&#xF3;n / Joaqu&#xED;n Mar&#xED;a Castellarnau (p. 77-94). Discurso le&#xED;do en la solemne sesi&#xF3;n celebrada bajo la presidencia de S. M. el rey D. Alfonso XIII para hacer entrega de la medalla Echegaray a D. Santiago Ram&#xF3;n y Cajal / Ignacio Bol&#xED;var, Santiago Ram&#xF3;n y Cajal, Am&#xF3;s Salvador (XLIX, 110 p.+ 2 h. de l&#xE1;m.). &#xBF;Pueden explicarse qu&#xED;micamente los fen&#xF3;menos esenciales de la vida? / Joaqu&#xED;n Mar&#xED;a Castellarnau (46 p.). Discursos en la sesi&#xF3;n celebrada para hacer entrega del diploma de Acad&#xE9;mico Correspondiente al profesor Alberto Einstein / Blas Cabrera, A. Einstein, Jos&#xE9; Rodr&#xED;guez Carracido, Joaqu&#xED;n Salvatella (38 p.). Historia del microscopio / Domingo de Orueta (139 p.). Contestaci&#xF3;n / Daniel de Cort&#xE1;zar (p. 141-156).</subfield>
  </datafield>
  <datafield tag="700" ind1="1" ind2=" ">
    <subfield code="a">Rodr&#xED;guez Carracido, Jos&#xE9;,</subfield>
    <subfield code="d">1856-1928</subfield>
    <subfield code="9">98407</subfield>
  </datafield>
  <datafield tag="700" ind1="1" ind2=" ">
    <subfield code="a">Castellarnau, Joaqu&#xED;n Mar&#xED;a de,</subfield>
    <subfield code="d">1848-1943</subfield>
    <subfield code="9">143533</subfield>
  </datafield>
  <datafield tag="700" ind1="1" ind2=" ">
    <subfield code="a">Octavio de Toledo y Zulueta, Luis,</subfield>
    <subfield code="d">1857-1934</subfield>
    <subfield code="9">86510</subfield>
  </datafield>
  <datafield tag="700" ind1="1" ind2=" ">
    <subfield code="a">Salvador y Rodrig&#xE1;&#xF1;ez, Am&#xF3;s,</subfield>
    <subfield code="d">1845-1922</subfield>
    <subfield code="9">102102</subfield>
  </datafield>
  <datafield tag="700" ind1="1" ind2=" ">
    <subfield code="a">Torroja y Miret, Jos&#xE9; Mar&#xED;a, </subfield>
    <subfield code="d">1884-1954</subfield>
    <subfield code="9">151755</subfield>
  </datafield>
  <datafield tag="700" ind1="1" ind2=" ">
    <subfield code="a">Vela y Herranz, Antonio.</subfield>
    <subfield code="9">113696</subfield>
  </datafield>
  <datafield tag="700" ind1="1" ind2=" ">
    <subfield code="a">Rey Pastor, Julio,</subfield>
    <subfield code="d">1888-1962</subfield>
    <subfield code="9">96535</subfield>
  </datafield>
  <datafield tag="700" ind1="1" ind2=" ">
    <subfield code="a">Krahe, Augusto.</subfield>
    <subfield code="9">141626</subfield>
  </datafield>
  <datafield tag="700" ind1="1" ind2=" ">
    <subfield code="a">Garc&#xED;a Mercet, Ricardo.</subfield>
    <subfield code="9">54947</subfield>
  </datafield>
  <datafield tag="700" ind1="1" ind2=" ">
    <subfield code="a">Bol&#xED;var, Ignacio, </subfield>
    <subfield code="d">1850-1944</subfield>
    <subfield code="9">29963</subfield>
  </datafield>
  <datafield tag="700" ind1="1" ind2=" ">
    <subfield code="a">Hern&#xE1;ndez y Estevan, Eduardo.</subfield>
    <subfield code="9">141627</subfield>
  </datafield>
  <datafield tag="700" ind1="1" ind2=" ">
    <subfield code="a">Ram&#xF3;n y Cajal, Santiago,</subfield>
    <subfield code="d">1852-1934</subfield>
    <subfield code="9">226468</subfield>
  </datafield>
  <datafield tag="700" ind1="1" ind2=" ">
    <subfield code="a">Cabrera, Blas, </subfield>
    <subfield code="d">1878-1945</subfield>
    <subfield code="9">33279</subfield>
  </datafield>
  <datafield tag="700" ind1="1" ind2=" ">
    <subfield code="a">Einstein, Albert, </subfield>
    <subfield code="d">1879-1955</subfield>
    <subfield code="9">46838</subfield>
  </datafield>
  <datafield tag="700" ind1="1" ind2=" ">
    <subfield code="a">Salvatella, Joaqu&#xED;n.</subfield>
    <subfield code="9">141628</subfield>
  </datafield>
  <datafield tag="700" ind1="1" ind2=" ">
    <subfield code="a">Orueta y Duarte, Domingo de, </subfield>
    <subfield code="d">1862-1926</subfield>
    <subfield code="9">87696</subfield>
  </datafield>
  <datafield tag="700" ind1="1" ind2=" ">
    <subfield code="a">Cort&#xE1;zar y Larrubia, Daniel de.</subfield>
    <subfield code="9">40829</subfield>
  </datafield>
  <datafield tag="852" ind1=" " ind2=" ">
    <subfield code="a">ES-MaACL</subfield>
    <subfield code="j">K-213   </subfield>
    <subfield code="z">-Dedicatoria aut&#xF3;grafa de Joaqu&#xED;n Mar&#xED;a Castellarnau</subfield>
  </datafield>
  <datafield tag="999" ind1=" " ind2=" ">
    <subfield code="c">173335</subfield>
    <subfield code="d">173335</subfield>
  </datafield>
  <datafield tag="952" ind1=" " ind2=" ">
    <subfield code="0">0</subfield>
    <subfield code="1">0</subfield>
    <subfield code="4">0</subfield>
    <subfield code="7">0</subfield>
    <subfield code="8">Hemeroteca</subfield>
    <subfield code="a">ATENEOM</subfield>
    <subfield code="b">ATENEOM</subfield>
    <subfield code="c">ADM</subfield>
    <subfield code="d">2009-11-26</subfield>
    <subfield code="l">0</subfield>
    <subfield code="o">K-213</subfield>
    <subfield code="p">1181909</subfield>
    <subfield code="r">2023-02-23 00:00:00</subfield>
    <subfield code="w">2023-02-23</subfield>
    <subfield code="y">PERIODICA</subfield>
  </datafield>
</record>
